000 01617nam a2200241 u 4500
001 000505349
003 AM-YeHGA
005 20250617134739.0
008 061023s ||| r 000 0 rus d
040 _aAM-YeHGA
041 0 _arus
245 0 0 _aПромышленность и рабочий класс Якутской АССР :
_bСборник документов и материалов /
_cЦентральный гос. архив Якутской АССР; Ин-т языка лит-ры и истории ЯФ СО АН СССР; Редкол.: М.М. Хатылаев (отв. ред.) и др.
260 _aЯкутск :
_bЯкутское кн. изд-во.
300 _aт.
490 0 _aПромышленность и рабочий класс СССР 1946 - 1975 гг.: Документы и материалы / Гл. архивное упр. при сов. мин. СССР., Ин-т истории СССР АН СССР
505 1 0 _gТ. 1 (1987, 166 с.)
_t1946-1958
653 0 _aПромышленность - Якутская АССР - История - Документы и материалы
653 0 _aРабочий класс в Якутской АССР - История - Документы и материалы
700 1 _aХатылаев, М.М.
_eред.
_4edt
710 2 _aИнститут языка, литературы и истории Якутского филиала СО АН СССР
830 1 _aПромышленность и рабочий класс СССР 1946 - 1975 гг.: Документы и материалы
090 _c188769
999 _c187304
_d187304